L'Equipe de France de football aux Coupes du Monde - Statistiques

Statistiques générales
  • Ce quiz a été pris 3 396 fois
  • Le résultat moyen est 43 sur 59
Statistiques - réponses
Coupe du Monde Compétition Adversaire Score % Correct
2014 Quarts de finale Allemagne 0-1
98%
1958 Troisième place Allemagne de l'Ouest 6-3
98%
1982 Demi-finales Allemagne de l'Ouest 3-3 (4-5 tab)
98%
1986 Demi-finales Allemagne de l'Ouest 0-2
98%
1958 Demi-finales Brésil 2-5
98%
1986 Quarts de finale Brésil 1-1 (4-3 tab)
98%
1998 Finale Brésil 3-0
98%
2006 Quarts de finale Brésil 1-0
98%
1938 Quarts de finale Italie 1-3
96%
1978 1er tour Italie 1-2
96%
1986 Huitièmes de finale Italie 2-0
96%
1998 Quarts de finale Italie 0-0 (4-3 tab)
96%
2006 Finale Italie 1-1 (3-5 tab)
96%
2006 Huitièmes de finale Espagne 3-1
93%
2006 Demi-finales Portugal 1-0
90%
1930 1er tour Argentine 0-1
89%
1978 1er tour Argentine 1-2
89%
1966 1er tour Uruguay 1-2
88%
2002 1er tour Uruguay 0-0
88%
2010 1er tour Uruguay 0-0
88%
1998 Demi-finales Croatie 2-1
85%
2006 1er tour Suisse 0-0
85%
2014 1er tour Suisse 5-2
85%
1966 1er tour Angleterre 0-2
81%
1982 1er tour Angleterre 1-3
81%
1998 1er tour Danemark 2-1
78%
2002 1er tour Danemark 0-2
78%
1998 1er tour Afrique du Sud 3-0
76%
2010 1er tour Afrique du Sud 1-2
76%
1930 1er tour Mexique 4-1
76%
1954 1er tour Mexique 3-2
76%
1966 1er tour Mexique 1-1
76%
2010 1er tour Mexique 0-2
76%
1986 1er tour Union soviétique 1-1
76%
1938 Huitièmes de finale Belgique 3-1
75%
1986 Troisième place Belgique 4-2 (ap)
75%
2002 1er tour Sénégal 0-1
67%
2014 Huitièmes de finale Nigeria 2-0
66%
1958 1er tour Paraguay 7-3
64%
1998 Huitièmes de finale Paraguay 1-0 (beo)
64%
2006 1er tour Corée du Sud 1-1
62%
1982 Troisième place Pologne 2-3
59%
2014 1er tour Honduras 3-0
58%
1930 1er tour Chili 0-1
57%
1978 1er tour Hongrie 3-1
54%
1986 1er tour Hongrie 3-0
54%
2014 1er tour Equateur 0-0
52%
1998 1er tour Arabie saoudite 4-0
51%
1986 1er tour Canada 1-0
48%
1934 Huitièmes de finale Autriche 2-3 (ap)
47%
1982 2e tour Autriche 1-0
47%
1954 1er tour Yougoslavie 0-1
47%
1958 1er tour Yougoslavie 2-3
47%
1982 1er tour Tchécoslovaquie 1-1
44%
2006 1er tour Togo 2-0
42%
1958 1er tour Ecosse 2-1
34%
1958 Quarts de finale Irlande du Nord 4-0
23%
1982 2e tour Irlande du Nord 4-1
23%
1982 1er tour Koweït 4-1
21%
Aucun quiz correspondant
Distribution des résultats
% des personnes avec chaque résultat
Percentile par nombre de réponses
Votre historique - résultats
Vous n’avez pas pris ce quiz